000
00324nam a2200133Ia 4500
008
220530s9999 xx 000 0 und d
020
_a
8126622571
040
_a
eng
100
_a
IGNOU
_9
60637
245
_a
PEDIATRIC NSG. BNSL-107
250
_a
FIRST
260
_a
NAGPUR
_b
IGNOU
_c
2004
650
_a
CHILD HEALTH NURSING
_9
60638
999
_c
2211
_d
2211